000 01582nam a2200277 a 4500
001 40109
003 BD-RjUL
005 20211209053135.0
008 160423s1985 bg |||| |||| 00| 0 ben d
020 _c: Tk. 25.00
035 _a(BD-RjUL)40224
040 _aBD-RjUL
_bben
_cBD-RjUL
041 _aben
082 _223
_a892.709
_bAZA 1985
100 _aআযহারী, মুকতাদা হাসান
_9123506
245 1 0 _aআরবী সাহিত্যের ইতিহাস /
_cমূল: মুকতাদা হাসান আযহারী ; অনুবাদ : এ. বি. এম. কামালুদ্দিন শামীম, এম. আবদুস সালাম ; সম্পাদনা ও অনুবাদ: মুহাম্মদ মুজীবুর রহমান
260 _aরাজশাহী :
_bমুহাম্মদী সাহিত্য সংস্থা,
_c১৯৮৫
300 _a খন্ড ;
_c১৮ সেমি.
505 _aখন্ড ১ --
650 _aআরবী সাহিত্য
_xইতিহাস ও সমালোচনা
_9123507
650 _aArabic Literature
_xHistory and Criticism
_9123508
700 _aশামীম, এ. বি. এম. কামালুদ্দিন, অনুবাদক
_9123509
700 _aসালাম, এম. আবদুস, যুগ্ম অনুবাদক
_9209966
700 _aরহমান, মুহাম্মদ মুজীবুর, সম্পাদক ও অনুবাদক
_9123510
942 _2ddc
_cBK
999 _c40109
_d40109